Mega Match the Country, Flag and Capital (and more!) - Statistics

General Stats
  • This quiz has been taken 34 times
    30 since last reset
  • The average score is 69 of 150
Answer Stats
Question Tile Select % Correct
Germany, France, Spain, Poland or Italy? No
100%
Germany, France, Spain, Poland or Italy? Asia No
100%
Germany, France, Spain, Poland or Italy? Oceania No
100%
Germany, France, Spain, Poland or Italy? Africa No
95%
Germany, France, Spain, Poland or Italy? North America No
95%
Germany, France, Spain, Poland or Italy? No
89%
Germany, France, Spain, Poland or Italy? Europe Yes
89%
Germany, France, Spain, Poland or Italy? Spain No
89%
Germany, France, Spain, Poland or Italy? No
84%
Germany, France, Spain, Poland or Italy? Madrid No
79%
Germany, France, Spain, Poland or Italy? No
74%
Germany, France, Spain, Poland or Italy? No
74%
Germany, France, Spain, Poland or Italy? Germany No
74%
Germany, France, Spain, Poland or Italy? Milan No
74%
Germany, France, Spain, Poland or Italy? No
68%
Germany, France, Spain, Poland or Italy? Yes
68%
Germany, France, Spain, Poland or Italy? Yes
68%
Romania, Chad, Andorra, Ecuador or Mongolia? No
68%
Germany, France, Spain, Poland or Italy? Berlin No
68%
Germany, France, Spain, Poland or Italy? France Yes
68%
Romania, Chad, Andorra, Ecuador or Mongolia? North America No
68%
Germany, France, Spain, Poland or Italy? Paris Yes
68%
Romania, Chad, Andorra, Ecuador or Mongolia? No
63%
Sweden, Finland, Norway, Iceland or Denmark? No
63%
Sweden, Finland, Norway, Iceland or Denmark? No
63%
Tanzania, Democratic Republic of the Congo, Namibia, St Kitts and the Nevis or Papua New Guinea? No
63%
Tanzania, Democratic Republic of the Congo, Namibia, St Kitts and the Nevis or Papua New Guinea? No
63%
Sweden, Finland, Norway, Iceland or Denmark? Antarctica No
63%
Sweden, Finland, Norway, Iceland or Denmark? Asia No
63%
Tanzania, Democratic Republic of the Congo, Namibia, St Kitts and the Nevis or Papua New Guinea? Asia No
63%
Sweden, Finland, Norway, Iceland or Denmark? Bern No
63%
Sweden, Finland, Norway, Iceland or Denmark? Europe Yes
63%
Sweden, Finland, Norway, Iceland or Denmark? Iceland No
63%
Germany, France, Spain, Poland or Italy? Italy No
63%
Tanzania, Democratic Republic of the Congo, Namibia, St Kitts and the Nevis or Papua New Guinea? Kalahari No
63%
Tanzania, Democratic Republic of the Congo, Namibia, St Kitts and the Nevis or Papua New Guinea? Namibia No
63%
Sweden, Finland, Norway, Iceland or Denmark? North America No
63%
Sweden, Finland, Norway, Iceland or Denmark? South America No
63%
Tanzania, Democratic Republic of the Congo, Namibia, St Kitts and the Nevis or Papua New Guinea? South America No
63%
Romania, Chad, Andorra, Ecuador or Mongolia? No
58%
Sweden, Finland, Norway, Iceland or Denmark? No
58%
Tanzania, Democratic Republic of the Congo, Namibia, St Kitts and the Nevis or Papua New Guinea? No
58%
Tanzania, Democratic Republic of the Congo, Namibia, St Kitts and the Nevis or Papua New Guinea? No
58%
Monaco, Poland, Indonesia, Tunisia or Singapore? No
58%
Monaco, Poland, Indonesia, Tunisia or Singapore? No
58%
Romania, Chad, Andorra, Ecuador or Mongolia? Asia No
58%
Monaco, Poland, Indonesia, Tunisia or Singapore? Capyodogoville No
58%
Tanzania, Democratic Republic of the Congo, Namibia, St Kitts and the Nevis or Papua New Guinea? Kinshasa No
58%
Monaco, Poland, Indonesia, Tunisia or Singapore? Monte Carlo No
58%
Tanzania, Democratic Republic of the Congo, Namibia, St Kitts and the Nevis or Papua New Guinea? North America No
58%
Monaco, Poland, Indonesia, Tunisia or Singapore? Poland No
58%
Tanzania, Democratic Republic of the Congo, Namibia, St Kitts and the Nevis or Papua New Guinea? St Kitts and the Nevis No
58%
Sweden, Finland, Norway, Iceland or Denmark? Stockholm No
58%
Sweden, Finland, Norway, Iceland or Denmark? Sweden No
58%
Monaco, Poland, Indonesia, Tunisia or Singapore? The MOON No
58%
Romania, Chad, Andorra, Ecuador or Mongolia? Ulaanbaatar No
58%
Sweden, Finland, Norway, Iceland or Denmark? No
53%
Monaco, Poland, Indonesia, Tunisia or Singapore? No
53%
Monaco, Poland, Indonesia, Tunisia or Singapore? No
53%
Monaco, Poland, Indonesia, Tunisia or Singapore? Indonesia No
53%
Monaco, Poland, Indonesia, Tunisia or Singapore? Kuala Lumpur No
53%
Romania, Chad, Andorra, Ecuador or Mongolia? Mongolia No
53%
Monaco, Poland, Indonesia, Tunisia or Singapore? Oceania No
53%
Germany, France, Spain, Poland or Italy? Poland Yes
53%
Monaco, Poland, Indonesia, Tunisia or Singapore? Tunis No
53%
Monaco, Poland, Indonesia, Tunisia or Singapore? Tunisia No
53%
Tanzania, Democratic Republic of the Congo, Namibia, St Kitts and the Nevis or Papua New Guinea? Yes
47%
Tanzania, Democratic Republic of the Congo, Namibia, St Kitts and the Nevis or Papua New Guinea? Yes
47%
Monaco, Poland, Indonesia, Tunisia or Singapore? No
47%
Senegal, Mali, Guinea, Bolivia, or Ghana? No
47%
Senegal, Mali, Guinea, Bolivia, or Ghana? No
47%
Senegal, Mali, Guinea, Bolivia, or Ghana? No
47%
Romania, Chad, Andorra, Ecuador or Mongolia? Europe Yes
47%
Senegal, Mali, Guinea, Bolivia, or Ghana? Europe No
47%
Senegal, Mali, Guinea, Bolivia, or Ghana? Ghana No
47%
Senegal, Mali, Guinea, Bolivia, or Ghana? Mali No
47%
Senegal, Mali, Guinea, Bolivia, or Ghana? North America No
47%
Senegal, Mali, Guinea, Bolivia, or Ghana? Oceania No
47%
Tanzania, Democratic Republic of the Congo, Namibia, St Kitts and the Nevis or Papua New Guinea? Papua New Guinea Yes
47%
Germany, France, Spain, Poland or Italy? Warsaw Yes
47%
Germany, France, Spain, Poland or Italy? Yes
42%
Germany, France, Spain, Poland or Italy? Yes
42%
Sweden, Finland, Norway, Iceland or Denmark? Yes
42%
Sweden, Finland, Norway, Iceland or Denmark? Yes
42%
Senegal, Mali, Guinea, Bolivia, or Ghana? No
42%
Romania, Chad, Andorra, Ecuador or Mongolia? Andorra Yes
42%
Senegal, Mali, Guinea, Bolivia, or Ghana? Dhaka No
42%
Sweden, Finland, Norway, Iceland or Denmark? Norway Yes
42%
Tanzania, Democratic Republic of the Congo, Namibia, St Kitts and the Nevis or Papua New Guinea? Port Moresby Yes
42%
Senegal, Mali, Guinea, Bolivia, or Ghana? Surce No
42%
Romania, Chad, Andorra, Ecuador or Mongolia? Yes
37%
Romania, Chad, Andorra, Ecuador or Mongolia? Yes
37%
Tanzania, Democratic Republic of the Congo, Namibia, St Kitts and the Nevis or Papua New Guinea? Oceania Yes
37%
Sweden, Finland, Norway, Iceland or Denmark? Oslo Yes
37%
Romania, Chad, Andorra, Ecuador or Mongolia? Yes
32%
Sweden, Finland, Norway, Iceland or Denmark? Yes
32%
Monaco, Poland, Indonesia, Tunisia or Singapore? Yes
32%
Monaco, Poland, Indonesia, Tunisia or Singapore? Yes
32%
Tanzania, Democratic Republic of the Congo, Namibia, St Kitts and the Nevis or Papua New Guinea? Africa Yes
32%
Senegal, Mali, Guinea, Bolivia, or Ghana? Africa Yes
32%
Romania, Chad, Andorra, Ecuador or Mongolia? Andorra la Vella Yes
32%
Monaco, Poland, Indonesia, Tunisia or Singapore? Asia Yes
32%
Sweden, Finland, Norway, Iceland or Denmark? Copenhagen Yes
32%
Sweden, Finland, Norway, Iceland or Denmark? Denmark Yes
32%
Romania, Chad, Andorra, Ecuador or Mongolia? Ecuador Yes
32%
Monaco, Poland, Indonesia, Tunisia or Singapore? Europe Yes
32%
Monaco, Poland, Indonesia, Tunisia or Singapore? Monaco Yes
32%
Monaco, Poland, Indonesia, Tunisia or Singapore? Monaco Yes
32%
Monaco, Poland, Indonesia, Tunisia or Singapore? Singapore Yes
32%
Monaco, Poland, Indonesia, Tunisia or Singapore? Singapore Yes
32%
Romania, Chad, Andorra, Ecuador or Mongolia? Yes
26%
Sweden, Finland, Norway, Iceland or Denmark? Yes
26%
Sweden, Finland, Norway, Iceland or Denmark? Yes
26%
Sweden, Finland, Norway, Iceland or Denmark? Yes
26%
Tanzania, Democratic Republic of the Congo, Namibia, St Kitts and the Nevis or Papua New Guinea? Yes
26%
Monaco, Poland, Indonesia, Tunisia or Singapore? Yes
26%
Senegal, Mali, Guinea, Bolivia, or Ghana? Yes
26%
Senegal, Mali, Guinea, Bolivia, or Ghana? Yes
26%
Sweden, Finland, Norway, Iceland or Denmark? Finland Yes
26%
Sweden, Finland, Norway, Iceland or Denmark? Helsinki Yes
26%
Romania, Chad, Andorra, Ecuador or Mongolia? Romania Yes
26%
Senegal, Mali, Guinea, Bolivia, or Ghana? Senegal Yes
26%
Romania, Chad, Andorra, Ecuador or Mongolia? South America Yes
26%
Tanzania, Democratic Republic of the Congo, Namibia, St Kitts and the Nevis or Papua New Guinea? Tanzania Yes
26%
Romania, Chad, Andorra, Ecuador or Mongolia? Yes
21%
Romania, Chad, Andorra, Ecuador or Mongolia? Yes
21%
Tanzania, Democratic Republic of the Congo, Namibia, St Kitts and the Nevis or Papua New Guinea? Yes
21%
Monaco, Poland, Indonesia, Tunisia or Singapore? No
21%
Senegal, Mali, Guinea, Bolivia, or Ghana? Yes
21%
Senegal, Mali, Guinea, Bolivia, or Ghana? Bolivia Yes
21%
Romania, Chad, Andorra, Ecuador or Mongolia? Bucharest Yes
21%
Romania, Chad, Andorra, Ecuador or Mongolia? Chad Yes
21%
Tanzania, Democratic Republic of the Congo, Namibia, St Kitts and the Nevis or Papua New Guinea? Dodoma Yes
21%
Romania, Chad, Andorra, Ecuador or Mongolia? Quito Yes
21%
Senegal, Mali, Guinea, Bolivia, or Ghana? South America Yes
21%
Romania, Chad, Andorra, Ecuador or Mongolia? Yes
16%
Tanzania, Democratic Republic of the Congo, Namibia, St Kitts and the Nevis or Papua New Guinea? Yes
16%
Senegal, Mali, Guinea, Bolivia, or Ghana? Yes
16%
Romania, Chad, Andorra, Ecuador or Mongolia? Africa Yes
16%
Tanzania, Democratic Republic of the Congo, Namibia, St Kitts and the Nevis or Papua New Guinea? Brazzaville Yes
16%
Senegal, Mali, Guinea, Bolivia, or Ghana? Conakry Yes
16%
Senegal, Mali, Guinea, Bolivia, or Ghana? Dakar Yes
16%
Senegal, Mali, Guinea, Bolivia, or Ghana? La Paz Yes
16%
Romania, Chad, Andorra, Ecuador or Mongolia? N'Djamena Yes
16%
Tanzania, Democratic Republic of the Congo, Namibia, St Kitts and the Nevis or Papua New Guinea? Yes
11%
Senegal, Mali, Guinea, Bolivia, or Ghana? Yes
11%
Senegal, Mali, Guinea, Bolivia, or Ghana? Yes
11%
Senegal, Mali, Guinea, Bolivia, or Ghana? Guinea Yes
11%
Tanzania, Democratic Republic of the Congo, Namibia, St Kitts and the Nevis or Papua New Guinea? Republic of the Congo Yes
11%
Monaco, Poland, Indonesia, Tunisia or Singapore? Yes
0%
No matching quizzes found
Score Distribution
Percent of People with Each Score
Percentile by Number Answered
Your Score History
You have not taken this quiz since the last reset